| 000 | 00819nam a2200205Ii 4500 | ||
|---|---|---|---|
| 003 | JO-AjNU | ||
| 008 | 230605s9999||||xx |||||||||||||| ||und|| | ||
| 040 |
_aJO-AjNU _bara _erda _cJO-AjNU |
||
| 041 | _aara | ||
| 050 | 1 | 4 | _aBP155.M36 2005 |
| 100 | 3 |
_aتأليف المقدسي، بهاء الدين عبد الرحمن بن إبراهيم 556-624 هجري؛ أبو عبد الرحمن صلاح بن محمد بن عويضة محقق, _eauthor _927407 |
|
| 245 | 0 | 0 | _aالعدة شرح العمدة |
| 250 | _aط2 | ||
| 264 | 3 | 1 | _aبيروت: دار الكتب العلمية، 2005 |
| 300 | _aج1-2، 264ص | ||
| 336 |
_atext _btxt _2rdacontent |
||
| 337 |
_aunmediated _bn _2rdamedia |
||
| 338 |
_avolume _bnc _2rdacarrier |
||
| 650 | 4 |
_aالفقه الحنبلي -- العبادات -- فقه اسلامي _927408 |
|
| 999 |
_aA10507 _c14075 _d14075 |
||